| 000 | 01401cab a22002175a 4500 | ||
|---|---|---|---|
| 001 | L140089 | ||
| 008 | 070904s2007 xxkd f 000 0 eng d | ||
| 035 | _a(Sirsi) u140089 | ||
| 041 | 0 | _aeng | |
| 100 | 1 | _aTretton, David | |
| 245 | 0 | 0 | _aWhere is the world of property valuation for taxation purposes going? |
| 260 | _c2007 | ||
| 490 | 0 |
_aJournal of Property Investment and Finance _v25(5) 2007, 482-514(32) |
|
| 520 | _aCompares and contrasts developments and trends in the use of Automated Valuation Models (AVMs) across the world to assess property for local taxation purposes. Focuses on three systems: Valuation Office Agency-Council Tax (dwellings) and Non-Domestic Ratings (commercial); Northern Ireland Valuation Lands Agency-Domestic (Dwellings); Hong Kong Rating and Valuation Department (dwellings and commercial) property. Considers the progress made in access to property data and data storage/retrieval. Finds that AVMs help produce valuations but their quality and accuracy are data and valuer led. Concludes that the subjective professional judgement of the valuer is still important. | ||
| 590 | _aka | ||
| 650 | 2 | 4 | _aAUTOMATED VALUATION MODELS |
| 651 | 4 |
_aUnited Kingdom _y |
|
| 690 | _aPROPERTY-COMMERCIAL PROPERTY-COMMERCIAL PROPERTY TAXATION-COMMERCIAL PROPERTY TAXATION VALUATION | ||
| 690 | _aPROPERTY-PROPERTY APPRAISAL AND VALUATION-TAXATION VALUATION | ||
| 942 | _n0 | ||
| 999 |
_c79187 _d79187 |
||